Les sceaux des états des États Unis - Statistiques

Statistiques générales
  • Ce quiz a été pris 12 fois
  • Le résultat moyen est 20 sur 50
Statistiques - réponses
Par images Réponse % Correct
Californie
89%
New York
78%
Washington
78%
Caroline du Nord
67%
Caroline du Sud
67%
Louisiane
67%
Dakota du Nord
56%
Dakota du Sud
56%
Illinois
56%
Michigan
56%
Rhode Island
56%
Texas
56%
Virginie
56%
Alabama
44%
Alaska
44%
Arkansas
44%
Floride
44%
Géorgie
44%
Hawaï
44%
Massachusetts
44%
Nebraska
44%
Nouveau Mexique
44%
Ohio
44%
Tennessee
44%
Utah
44%
Wyoming
44%
Arizona
33%
Connecticut
33%
Kansas
33%
Kentucky
33%
Maine
33%
Mississippi
33%
Nevada
33%
New Hampshire
33%
Vermont
33%
Virginie occidentale
33%
Colorado
22%
Delaware
22%
Idaho
22%
Indiana
22%
Maryland
22%
Minnesota
22%
Montana
22%
New Jersey
22%
Oklahoma
22%
Pennsylvanie
22%
Iowa
11%
Missouri
11%
Oregon
11%
Wisconsin
11%
Aucun quiz correspondant
Distribution des résultats
% des personnes avec chaque résultat
Percentile par nombre de réponses
Votre historique - résultats
Vous n’avez pas pris ce quiz